Statistics for UK Railtour Operators

Click here to take the quiz!

General Stats

  • This quiz has been taken 4 times
  • The average score is 2 of 6

Answer Stats

Answer% Correct
Vintage Trains
100%
Pathfinder Tours
25%
Venice-Simplon Orient Express
25%
Compass Tours
0%
DPS Railtours
0%
Scottish Railway Preservation Societ
0%

Score Distribution

Percentile by Number Answered

Percent of People with Each Score

Your Score History

You have not taken this quiz